| 000 -LEADER |
| fixed length control field |
00453pab a2200145 454500 |
| 008 - FIXED-LENGTH DATA ELEMENTS--GENERAL INFORMATION |
| fixed length control field |
180718b xxu||||| |||| 00| 0 eng d |
| 100 ## - MAIN ENTRY--PERSONAL NAME |
| Personal name |
Kronenberg, Vernon J. |
| 245 ## - TITLE STATEMENT |
| Title |
Western ministeries of defence: rules for organisational change |
| 650 ## - SUBJECT ADDED ENTRY--TOPICAL TERM |
| Topical term or geographic name entry element |
Organisational Change |
| 650 ## - SUBJECT ADDED ENTRY--TOPICAL TERM |
| Topical term or geographic name entry element |
National Defence |
| 650 ## - SUBJECT ADDED ENTRY--TOPICAL TERM |
| Topical term or geographic name entry element |
Defence, National - Australia |
| 700 ## - ADDED ENTRY--PERSONAL NAME |
| Personal name |
Earnshaw, Paul |
| 773 ## - HOST ITEM ENTRY |
| Main entry heading |
Australian Journal of Public Administration |
| 909 ## - |
| -- |
23612 |